01123 2200433 4500001002100000005001500021035002000036245007600056100002900132260004200161082001100203084001700214020002200231008004100253650001800294650001600312650002300328650000800351990001500359990001700374990001700391990001700408990001700425990001500442990001700457990001700474990001700491990001500508990001700523990001700540990001700557990001500574990001700589990001700606990001500623990001700638990001700655990001700672INLIS00000000000009920260106122559 a0010-11250000991 aBerkenalan dengan Program Presentasi Impress /cBenedicta Rini Widiarti1 aWidiarti, Benedicta Rini aYogyakarta :bCitra Aji Parama,c2008 a005.58 a005.58 WID b a978-979-1464-36-9260106 g 0 ind  aIlmu Komputer aPemrograman aPresentasi Impress aTIK a0059/TP/15 a0059.2/TP/15 a0059.3/TP/15 a0059.4/TP/15 a0059.4/TP/15 a0059/TP/15 a0059.2/TP/15 a0059.3/TP/15 a0059.3/TP/15 a0059/TP/15 a0059.2/TP/15 a0059.4/TP/15 a0059.2/TP/15 a0059/TP/15 a0059.3/TP/15 a0059.4/TP/15 a0059/TP/15 a0059.2/TP/15 a0059.3/TP/15 a0059.4/TP/15